Skam - Statistiques

Statistiques générales
  • Ce quiz a été pris 393 fois
  • Le résultat moyen est 12 sur 15
Statistiques - réponses
Question Réponse % Correct
Quel est le surnom que Manon donne à Charles ? Charles Henri
98%
Basile et Daphné sont-ils ensemble oui
97%
Lucas joue de quel instrument chez Eliott du piano
95%
Basile aime Dapahné passionnément
95%
De quoi souffre Arthur Surdité
95%
Comment s'appelle le mari qui n'est pas marié de la fameuse infirmière Jérôme
94%
Qui est Lola pour Daphné Sa soeur
94%
Sofian est qui pour Iman son copain et ami d'enfance de son bro
91%
Maya a les cheveux de quelle couleur lors de sa première rencontre avec Lola Violet
86%
comment s'appelle l'acteur de Arthur Robin Migné
77%
La saison sept est basée sur Tiff
77%
Skam contient combien de saisons ( en 2021) 7
76%
Qui est le réalisateur David Hourrègue
71%
Philipinne joue le rôle de Emma
68%
Qui est le meileur personnage selon vous ( pas de bonne ou mauvaise réponse ) Arthur
30%
Aucun quiz correspondant
Distribution des résultats
% des personnes avec chaque résultat
Percentile par nombre de réponses
Votre historique - résultats
Vous n’avez pas pris ce quiz